Prénom dans Harry Potter finissant par -y - Statistiques

Statistiques générales
  • Ce quiz a été pris 187 fois
    163 depuis la dernière actualisation
  • Le résultat moyen est 15 sur 22
Statistiques - réponses
Prénom/ nom des maitres Prénom % Correct
Elfe des Malefoy Dobby
100%
Weasley Ginny
91%
Potter Harry
91%
Potter Lily
91%
Weasley Molly
91%
Weasley Molly 2
91%
Dursley Dudley
87%
Lockhart Gilderoy
85%
Parkinson Pansy
83%
Goyle Gregory
81%
Weasley Percy
78%
Pomfresh Poppy
74%
Elfe des Croupton Winky
74%
Shacklebolt Kingsley
70%
Burbage Charity
59%
Goldstein Anthony
51%
Boot Terry
47%
Elfe des Smith Hokey
40%
Weasley Lucy
38%
Peakes Jimmy
26%
Weasley Audrey
15%
Benson Amy
10%
Aucun quiz correspondant
Distribution des résultats
% des personnes avec chaque résultat
Percentile par nombre de réponses
Votre historique - résultats
Vous n’avez pas pris ce quiz depuis la dernière actualisation